| 000 | 01567nam a22004097a 4500 | ||
|---|---|---|---|
| 003 | CHAP | ||
| 005 | 20220329135326.0 | ||
| 008 | 971013s1969 r 00010 d | ||
| 010 | _a34447 | ||
| 011 | _a35419 | ||
| 035 | _a39535 | ||
| 040 | _cCHAP | ||
| 082 |
_a634.11 _bF32 1969 |
||
| 100 | 0 | 0 |
_aFábregas Ruiz, Joaquín. _941933 |
| 245 | _aCultivo del manzano | ||
| 250 | _a2 ed. | ||
| 260 |
_aBarcelona : _bSintes, _c1969 |
||
| 300 |
_a194 p. _b: ilus. |
||
| 490 |
_aSelecta enciclopedia práctica _v; 163-164 |
||
| 590 |
_aBATCH-UPD _b10 _c20130110 _lUCH01 _h0037 |
||
| 590 |
_aBATCH-UPD _b10 _c20130110 _lUCH01 _h1516 |
||
| 590 |
_aBATCH-UPD _b10 _c20130409 _lUCH01 _h2021 |
||
| 590 |
_aBATCH-UPD _b10 _c20130410 _lUCH01 _h0930 |
||
| 590 |
_aBATCH-UPD _b10 _c20130914 _lUCH01 _h1745 |
||
| 590 |
_aCONVERSION _b10 _c20130109 _lUCH01 _h1319 |
||
| 650 | 1 | 4 |
_aManzana. _970730 |
| 830 | 0 |
_aSelecta enciclopedia práctica _v; 163-164 _9103783 |
|
| 901 | _aBK | ||
| 942 | _cLIBRO | ||
| 949 |
_a634.11 F32 1969 _bBC _cLIBRO _d-90154 _eLIBRO _h19665 _i39535 _si |
||
| 949 |
_a634.11 F32 1969 _bBC _cLIBRO _d-90159 _eLIBRO _fc.4 _h48066 _i39535 _si |
||
| 949 |
_a634.11 F32 1969 _bBC _cLIBRO _d33724000223210 _eLIBRO _fc.3 _h48065 _i39535 _si |
||
| 949 |
_a634.11 F32 1969 _bBC _cLIBRO _d33724000584348 _eLIBRO _fc.5 _h48067 _i39535 _si |
||
| 949 |
_a634.11 F32 1969 _bBC _cLIBRO _d33724000745782 _eLIBRO _fc.2 _h48064 _i39535 _si |
||
| 949 |
_a634.11 F32 1969 _bBC _cLIBRO _d33724000763884 _eLIBRO _fc.8 _h53720 _i39535 _si |
||
| 949 |
_a634.11 F32 1969 _bBC _cLIBRO _d33724000942181 _eLIBRO _fc.7 _h53719 _i39535 _si |
||
| 999 |
_c34447 _d34447 |
||